000
00233nam a2200097Ia 4500
008
240331s9999 xx 000 0 und d
082
_a
297
_b
SAH
100
_a
Sahabdeen, A.M.M
245
4
_a
The sufi doctrine in Tamil litrature
942
_c
L
999
_c
942
_d
942